|
|
|
|
| LEADER |
00000nab a2200000 a 4500 |
| 001 |
vtls000721125 |
| 003 |
SK-MaSNL |
| 005 |
20260305004046.0 |
| 008 |
250429c1999 xo 0 slo |
| 015 |
|
|
|a SNBRB2000/05-12624
|
| 035 |
|
|
|a CLN000073292
|
| 035 |
|
|
|a urn:nbn:sk:snk-abahpo
|
| 035 |
|
|
|a (urnnbn)urn:nbn:sk:snk:ar-a0a010
|
| 035 |
|
|
|a (uuid)df9e006f-6363-41f8-8844-741cea913720
|
| 040 |
|
|
|a SNKBUCL
|b slo
|c SNKBUCL
|e AACR2
|
| 041 |
0 |
|
|a cze
|
| 044 |
|
|
|a xo
|c SK
|
| 080 |
|
|
|a 616.419-006.4
|2 1997
|
| 245 |
0 |
0 |
|a Monitorizace markerů kostní přestavby u mnohočetného myelomu
|c I. Špička ... [et al.]
|
| 300 |
|
|
|b Grafy, tab.
|
| 504 |
|
|
|a Res. angl., čes.
|
| 504 |
|
|
|a Bibliogr. odkazy
|
| 650 |
0 |
7 |
|a mnohopočetný myelóm
|2 snkbucl
|9 182876
|
| 650 |
0 |
7 |
|a monoklonálne gamapatie
|2 snkbucl
|9 106669
|
| 650 |
0 |
7 |
|a pyridinolín
|2 snkbucl
|9 1436564
|
| 650 |
0 |
7 |
|a deoxypyridinolín
|2 snkbucl
|9 1537278
|
| 650 |
0 |
7 |
|a osteokalcín
|2 snkbucl
|9 18390
|
| 655 |
|
7 |
|a články z novín a časopisov
|2 snkbucl
|9 267496
|
| 700 |
1 |
|
|a Špička, Ivan
|4 aut
|9 280739
|
| 700 |
1 |
|
|a Špaček, P.
|4 aut
|9 1147616
|
| 700 |
1 |
|
|a Hulejová, H.
|4 aut
|9 1147615
|
| 700 |
1 |
|
|a Procházka, B.
|4 aut
|9 272560
|
| 700 |
1 |
|
|a Cieslar, P.
|4 aut
|9 1160333
|
| 700 |
1 |
|
|a Chrz, M.
|4 aut
|9 1581497
|
| 700 |
1 |
|
|a Válková, V.
|4 aut
|9 837076
|
| 700 |
1 |
|
|a Klener, Pavel,
|d 1937-2024
|4 aut
|9 106428
|
| 773 |
0 |
|
|t Vnitřní lékařství
|g Roč. 45, č. 8 (1999), s. 463-467
|x 0042-773X
|
| 850 |
|
|
|a Slovenská národná knižnica
|
| 852 |
|
|
|a Slovenská národná knižnica
|
| 954 |
|
|
|a odborná, vedecká literatúra cudzojazyčná (svetová)
|2 lita
|
| 958 |
|
|
|a article14
|
| 958 |
|
|
|a NB
|
| 958 |
|
|
|a MI
|
| 958 |
|
|
|a OND
|
| 958 |
|
|
|a EUIPO
|
| 999 |
|
|
|c 3233715
|d 3235645
|